Clarke v Murphy and Ors (Record no. 81661)

MARC details
000 -LEADER
fixed length control field 01406cad a22002175a 4500
001 - CONTROL NUMBER
control field E147869
008 - FIXED-LENGTH DATA ELEMENTS--GENERAL INFORMATION
fixed length control field 090624e20090512xxk f v 000 0 eng d
035 ## - SYSTEM CONTROL NUMBER
System control number (Sirsi) u147869
041 0# - LANGUAGE CODE
Language code of text/sound track or separate title eng
245 00 - TITLE STATEMENT
Title Clarke v Murphy and Ors
Medium [electronic resource]
260 ## - PUBLICATION, DISTRIBUTION, ETC.
Date of publication, distribution, etc. 2009
520 ## - SUMMARY, ETC.
Summary, etc. LP/18/2008, 12 May 2009. Concerns an application by C to modify or discharge restrictive covenants to allow the demolition of a property and the erection of new dwellings on land which she owns. This proposal was objected to by those on neighbouring plots on the Estate, although it had received outline planning permission. The preliminary issue under consideration related to whether there was reciprocity of obligations between the purchasers of the plots, of which C's plot was one, enabling certain of the neighbours to object to the proposal. Held: It was clear from evidence presented to the Tribunal that the original purchasers of the nine plots on the Estate were each aware that the obligations contained in the relevant covenants were reciprocal.
521 2# - TARGET AUDIENCE NOTE
Target audience note Advanced
590 ## - LOCAL NOTE (RLIN)
Local note KA
650 24 - SUBJECT ADDED ENTRY--TOPICAL TERM
Topical term or geographic name entry element CLARKE V MURPHY AND ORS
650 24 - SUBJECT ADDED ENTRY--TOPICAL TERM
Topical term or geographic name entry element LAW OF PROPERTY ACT 1925 S84
651 #4 - SUBJECT ADDED ENTRY--GEOGRAPHIC NAME
Geographic name England and Wales
Chronological subdivision 1543-
690 ## - LOCAL SUBJECT ADDED ENTRY--TOPICAL TERM (OCLC, RLIN)
Topical term or geographic name as entry element Residential property
9 (RLIN) 6266
856 40 - ELECTRONIC LOCATION AND ACCESS
Uniform Resource Identifier <a href="https://www.landstribunal.gov.uk/Aspx/view.aspx?id=596">https://www.landstribunal.gov.uk/Aspx/view.aspx?id=596</a>
Public note View the judgment free of charge at www.landstribunal.gov.uk...
942 ## - ADDED ENTRY ELEMENTS (KOHA)
Suppress in OPAC 0
Holdings
Withdrawn status Lost status Source of classification or shelving scheme Damaged status Not for loan Home library Current library Shelving location Date acquired Total Checkouts Full call number Barcode Date last seen Copy number Price effective from Koha item type
    Dewey Decimal Classification     Virtual Virtual Online 24/06/2009   ONLINE PUBLICATION 147869-2001 06/08/2019 1 06/08/2019 Law report